000 00652nam a2200181Ia 4500
008 090630s9999 xx 000 0 und d
082 _b10638
100 _aडॉ. कोलगुड अरुणा.
245 _aस्वयं रोजगार.
_cडॉ. कोलगुड अरुणा.
260 _bमेहता पब्लिश हाऊस.
_c1990
300 _a180
600 _aडॉ. कोलगुड अरुणा.
630 _aस्वयं रोजगार.
655 _aइतर.
700 _aडॉ. कोलगुड अरुणा.
730 _aस्वयं रोजगार.
942 _cBOOK
999 _c262494
_d262494